Vatican and christian Rome

Tallennettuna:
Bibliografiset tiedot
Päätekijä: Perondi, Mario (Tekijä)
Aineistotyyppi: Kirja
Kieli:englanti
Julkaistu: Ciudad del Vaticano Libreria Editrice Vaticana 1975
Aiheet:
Tagit: Lisää tagi
Ei tageja, Lisää ensimmäinen tagi!

MARC

LEADER 00000nam a2200000 a 4500
001 UCH5219
003 CL-VaPUC
008 091008e19750000VC |||||||||||||||||eng|d
082 0 4 |a 727.7  |b PER  |2 21 
100 0 |a Perondi, Mario  |e author  |9 541474 
245 1 0 |a Vatican and christian Rome 
300 |a 522 p 
942 |c BK 
945 |d 20091008 00:00:00  |a rbrito 
260 |a Ciudad del Vaticano  |b Libreria Editrice Vaticana  |c 1975 
600 0 7 |a MUSEO VATICANO  |2 CL-VaPUC  |9 541475 
650 7 |a MUSEO DE ARTE  |2 CL-VaPUC  |9 530514 
650 0 |a Arte religioso  |9 330545 
650 7 |a PINTURA RELIGIOSA  |2 CL-VaPUC  |9 340359 
651 7 |a CIUDAD DEL VATICANO  |2 CL-VaPUC  |9 368298 
583 |a last modification  |c 20091008 00:00:00  |k Rodrigo Vera 
999 |c 336401  |d 336399 
952 |0 0  |1 0  |4 0  |6 727_700000000000000_PER_1975  |7 0  |8 X  |9 427667  |a FDOBUD  |b FDOBUD  |d 2019-11-22  |i 460511K  |o 727.7 PER 1975  |p 460511K  |r 2019-11-22  |w 2019-11-22  |y BK_X  |k BUD